000
00313nam a22001337a 4500
999
_c
8034
_d
8034
003
OSt
005
20200619161538.0
008
200619b ||||| |||| 00| 0 eng d
020
_a
9789881296856
082
_a
720
245
_a
2013 competitions annual
260
_a
UK
_b
Design Media Publishing
_c
2014
942
_2
ddc